Lịch sử sống động của đệ nhị thế chiến /

Wedi'i Gadw mewn:
Manylion Llyfryddiaeth
Prif Awdur: Rothberg, Abraham.
Awduron Eraill: Nguyễn Quốc Dũng (dịch.)
Fformat: Sách giấy
Iaith:Vietnamese
Cyhoeddwyd: H. : Từ điển Bách khoa, 2009.
Pynciau:
Tagiau: Ychwanegu Tag
Dim Tagiau, Byddwch y cyntaf i dagio'r cofnod hwn!
Thư viện lưu trữ: Thư viện Trường Đại học Đà Lạt
LEADER 01546nam a2200325 4500
001 DLU100109451
005 ##20100628
040 # # |a DLU  |b vie 
041 # # |a vie 
044 # # |a vn 
082 # # |a 940.53  |b RO-A 
100 # # |a Rothberg, Abraham. 
245 # # |a Lịch sử sống động của đệ nhị thế chiến /  |c Abraham Rothberg; Nguyễn Quốc Dũng dịch. 
260 # # |a H. :  |b Từ điển Bách khoa,  |c 2009. 
300 # # |a 487 tr. ;  |c 24 cm. 
505 # # |a Lời nhà xuất bản -- Chương 1. Tấn công -- Mười năm đình chiến -- Các khẩu đại bác thức giấc -- Những sự nhượng bộ giả tạo -- Cuộc tấn công đầu tiên -- Chiến tranh thần tốc ở phương Tây -- Chương 2. Bao vây -- Giờ phút vinh quang -- Tấn công chớp nhoáng ở Địa Trung Hải -- Xua quân về phía Đông -- Thái Bình Dương trong biển lửa -- Chương 3. Phản công -- Quay trở lại -- Những cuộc tấn công của phe đồng minh -- Con đường dài đến chiến thắng -- Chương 4. Chiến thắng -- Ngày "J" -- Chiến thắng ở châu Âu -- Chiến thắng ở Thái Bình Dương. 
653 # # |a Chiến tranh thế giới, 1939-1945 
653 # # |a Lịch sử thế giới 
700 # # |a Nguyễn Quốc Dũng,  |e dịch. 
923 # # |a 05/2010 
991 # # |a GT 
992 # # |a 140000 
994 # # |a DLU 
900 # # |a True 
911 # # |a Đào Thị Thu Huyền 
925 # # |a G 
926 # # |a A 
927 # # |a SH 
980 # # |a Thư viện Trường Đại học Đà Lạt